000
00256nam a2200097Ia 4500
001
1206539
005
20251020104835.0
008
250824s9999 xx 000 0 und d
245
0
_a
BEN BİR GÜRGEN DALIYIM
_c
HASAN ALİ TOPTAŞ
260
_b
EVEREST YAYINLARI
999
_c
1206539
_d
1206539